000 00406nam a22001697a 4500
005 20160630104741.0
008 160630b xxu||||| |||| 00| 0 eng d
020 _a81-85749-55-8
041 _aeng
082 _b19445
100 _aRai, S & Ghosh R
_93274
245 _aComputer Awareness
260 _bS.K. Kataria & Sons
_c2012
300 _a514
650 _aInformation Technology
_9137
942 _cBK
999 _c4857
_d4855